| 000 | 00341nam a2200121Ia 4500 | ||
|---|---|---|---|
| 008 | 220204s9999 xx 000 0 und d | ||
| 082 |
_a628.5 _bDER |
||
| 245 | 0 | _aUnit operations for treatment of hazardous industrial wastes | |
| 260 |
_aNew Jersey _bNoyes Data _c1978 |
||
| 650 | _aIndustrial pollution | ||
| 700 | _aDrenzo, D J | ||
| 942 | _cBK | ||
| 999 |
_c30880 _d30880 |
||